<?xml version="1.0" encoding="UTF-8"?>
<record
    xmlns:xsi="http://www.w3.org/2001/XMLSchema-instance"
    xsi:schemaLocation="http://www.loc.gov/MARC21/slim http://www.loc.gov/standards/marcxml/schema/MARC21slim.xsd"
    xmlns="http://www.loc.gov/MARC21/slim">

  <leader>01685nas a2200397 i 4500</leader>
  <controlfield tag="001">1512</controlfield>
  <controlfield tag="003">ES-MaACL</controlfield>
  <controlfield tag="005">20250805045002.0</controlfield>
  <controlfield tag="007">t|</controlfield>
  <controlfield tag="008">950801d18571869sp w|yp       |  1 |spa d</controlfield>
  <datafield tag="022" ind1=" " ind2=" ">
    <subfield code="a">1889-8440</subfield>
  </datafield>
  <datafield tag="080" ind1=" " ind2=" ">
    <subfield code="a">7/8</subfield>
  </datafield>
  <datafield tag="245" ind1="0" ind2="3">
    <subfield code="a">El Museo universal / </subfield>
    <subfield code="c">[dir., Jos&#xE9; Gaspar].</subfield>
  </datafield>
  <datafield tag="246" ind1="3" ind2=" ">
    <subfield code="i">Subt&#xED;t. de cub. : </subfield>
    <subfield code="a">peri&#xF3;dico de ciencias, literatura, artes, industria y conocimientos &#xFA;tiles...</subfield>
  </datafield>
  <datafield tag="260" ind1=" " ind2=" ">
    <subfield code="a">Madrid : </subfield>
    <subfield code="b">Gaspar y Roig, </subfield>
    <subfield code="c">1857-1869.</subfield>
  </datafield>
  <datafield tag="300" ind1=" " ind2=" ">
    <subfield code="a">v. : </subfield>
    <subfield code="b">il. ; </subfield>
    <subfield code="c">35 cm.</subfield>
  </datafield>
  <datafield tag="310" ind1=" " ind2=" ">
    <subfield code="a">Semanal, </subfield>
    <subfield code="b">en. 1860-nov. 1869</subfield>
  </datafield>
  <datafield tag="321" ind1=" " ind2=" ">
    <subfield code="a">Quincenal, </subfield>
    <subfield code="b">1857-59</subfield>
  </datafield>
  <datafield tag="362" ind1="0" ind2=" ">
    <subfield code="a">A&#xF1;o 1, n. 1 (15 en. 1857)-a&#xF1;o 13, n. 48 (28 nov. 1869)</subfield>
  </datafield>
  <datafield tag="530" ind1=" " ind2=" ">
    <subfield code="a">Disponible en formato digital.</subfield>
  </datafield>
  <datafield tag="555" ind1=" " ind2=" ">
    <subfield code="a">elaborados por Elena P&#xE1;ez R&#xED;os en: Colecci&#xF3;n de &#xED;ndices de publicaciones peri&#xF3;dicas, v. 13.</subfield>
  </datafield>
  <datafield tag="650" ind1=" " ind2="7">
    <subfield code="a">Cultura</subfield>
    <subfield code="2">embne</subfield>
    <subfield code="9">170963</subfield>
  </datafield>
  <datafield tag="655" ind1=" " ind2="7">
    <subfield code="2">tgfbne</subfield>
    <subfield code="9">226866</subfield>
    <subfield code="a">Revistas</subfield>
  </datafield>
  <datafield tag="700" ind1="1" ind2=" ">
    <subfield code="a">Gaspar Maritany, Jos&#xE9;.</subfield>
    <subfield code="9">166076</subfield>
  </datafield>
  <datafield tag="700" ind1="1" ind2=" ">
    <subfield code="a">Carlos, Abelardo de,</subfield>
    <subfield code="d">1822-1884</subfield>
    <subfield code="9">166077</subfield>
  </datafield>
  <datafield tag="700" ind1="1" ind2=" ">
    <subfield code="a">Cobos, Francisco Javier,</subfield>
    <subfield code="d">1831-1909</subfield>
    <subfield code="9">166078</subfield>
  </datafield>
  <datafield tag="785" ind1="0" ind2="0">
    <subfield code="t">La Ilustraci&#xF3;n espa&#xF1;ola y americana =</subfield>
    <subfield code="x">ISSN 1889-8394</subfield>
  </datafield>
  <datafield tag="787" ind1="0" ind2=" ">
    <subfield code="0">38304</subfield>
    <subfield code="w">38304</subfield>
    <subfield code="t">Calendario del Museo universal =</subfield>
    <subfield code="x">ISSN 1889-8459</subfield>
  </datafield>
  <datafield tag="787" ind1="0" ind2=" ">
    <subfield code="t">Almanaque literario del Museo universal </subfield>
    <subfield code="x">ISSN 1889-8467</subfield>
  </datafield>
  <datafield tag="852" ind1="4" ind2=" ">
    <subfield code="a">ES-MaACL</subfield>
    <subfield code="j">Z-21  </subfield>
    <subfield code="x">Olim: Hem-1542</subfield>
  </datafield>
  <datafield tag="856" ind1="4" ind2=" ">
    <subfield code="u">http://hemerotecadigital.bne.es/details.vm?o=&amp;w=1889-8440&amp;f=issn&amp;l=500</subfield>
    <subfield code="z">Hemeroteca Digital</subfield>
  </datafield>
  <datafield tag="856" ind1="4" ind2=" ">
    <subfield code="u">http://prensahistorica.mcu.es/es/consulta/registro.cmd?id=6108 </subfield>
    <subfield code="z">Biblioteca Virtual de Prensa Hist&#xF3;rica</subfield>
  </datafield>
  <datafield tag="866" ind1=" " ind2="0">
    <subfield code="o">1857-1860, 1862-1967, 1869</subfield>
  </datafield>
  <datafield tag="942" ind1=" " ind2=" ">
    <subfield code="2">udc</subfield>
    <subfield code="c">MONOGRAFIA</subfield>
    <subfield code="n">0</subfield>
  </datafield>
  <datafield tag="999" ind1=" " ind2=" ">
    <subfield code="c">1512</subfield>
    <subfield code="d">1512</subfield>
  </datafield>
  <datafield tag="952" ind1=" " ind2=" ">
    <subfield code="0">0</subfield>
    <subfield code="1">0</subfield>
    <subfield code="2">udc</subfield>
    <subfield code="4">0</subfield>
    <subfield code="7">0</subfield>
    <subfield code="8">Hemeroteca</subfield>
    <subfield code="a">ATENEOM</subfield>
    <subfield code="b">ATENEOM</subfield>
    <subfield code="c">DEPOZ</subfield>
    <subfield code="d">2008-01-17</subfield>
    <subfield code="l">0</subfield>
    <subfield code="o">Z-21</subfield>
    <subfield code="p">1001544</subfield>
    <subfield code="r">2023-02-23 00:00:00</subfield>
    <subfield code="w">2023-02-23</subfield>
    <subfield code="y">PERIODICA</subfield>
  </datafield>
</record>
